Team of the Tournament - Championnat d'Europe de football 1988 - Statistiques

Statistiques générales
  • Ce quiz a été pris 7 fois
  • Le résultat moyen est 5 sur 11
Statistiques - réponses
Position Nationalité Joueur % Correct
Attaquant Pays-Bas Marco van Basten
100%
Milieu de terrain Pays-Bas Ruud Gullit
100%
Défenseur Pays-Bas Frank Rijkaard
86%
Défenseur Italie Paolo Maldini
86%
Défenseur Pays-Bas Ronald Koeman
86%
Milieu de terrain Allemagne de l'Ouest Lothar Matthäus
43%
Attaquant Italie Gianluca Vialli
14%
Défenseur Italie Giuseppe Bergomi
14%
Gardien de but Pays-Bas Hans van Breukelen
14%
Milieu de terrain Italie Giuseppe Giannini
0%
Milieu de terrain Pays-Bas Jan Wouters
0%
Aucun quiz correspondant
Distribution des résultats
% des personnes avec chaque résultat
Percentile par nombre de réponses
Votre historique - résultats
Vous n’avez pas pris ce quiz